000 00699cam a22002412a 4500
001 023606
003 AR-FADEU
008 311216n2007####xxu####################dd
020 _a978-0-521-67439-3
092 _a425
_bC323
100 _aCarter, Ronald
245 _aCambridge grammar of english : a comprehensive guide : spoken and written english grammar and usage
260 _aNew York
260 _bCambridge University Press
260 _c2007
300 _a973 p. : il. col
440 _aCambridge international corpus, real english guarantee
500 _aIncluded: CD-ROM
700 _aMichael, McCarthy
650 _aINGLES-GRAMATICA
546 _aInglés
942 _cBDGR
999 _c29296
_d29296